000 02449cam a2200301 4500500
005 20260419015412.0
041 _afre
042 _adc
100 1 0 _aMarco, Jorge
_eauthor
700 1 0 _aTouboul Tardieu, Eva
_eauthor
245 0 0 _aUne histoire sociale de la résistance au franquisme
260 _c2015.
500 _a80
520 _aCet article expose notre approche de la résistance antifasciste en Espagne, marquée par l’histoire sociale, l’histoire culturelle, la sociologie historique et l’anthropologie. Nous avons élaboré deux catégories, la guérilla moderne et les « paysans en armes », qui permettent d’éclairer des aspects jusque-là restés dans l’ombre. Ces deux catégories ont été définies à l’issue d’une analyse en fonction de douze variables : la vocation des groupes (unificatrice ou indépendante) ; leur structure interne ; leur territoire et leur niveau d’action ; leur stratégie ; leur composition sociale ; l’origine des guérilleros ; l’expérience collective ; le type de cohésion interne ; la taille des groupes ; le type de discipline ; de propagande ; et les répertoires d’action.
520 _aThis article presents an approach to anti-fascist resistance in Spain from the perspective of social history, cultural history, historical sociology and anthropology. Two categories are developed, the modern guerrilla and the “armed peasants”, which shed light on many aspects that have hitherto remained unexamined. These categories were defined according to the analysis of twelve variables : the pro-unification or pro-independence stance of groups ; their internal structure ; their geographical scope and level of action ; their strategy ; their social composition ; where the guerrillas were from ; their collective experience ; the type of internal cohesion ; group size ; the types of discipline ; propaganda ; and repertoires of collective action.
690 _aantifascisme
690 _aEspagne
690 _afranquisme
690 _aguérilla
690 _arésistance
690 _aanti-fascism
690 _aFrancoism
690 _aguerrilla
690 _aresistance
690 _aSpain
786 0 _nVingtième Siècle. Revue d'histoire | 127 | 3 | 2015-08-24 | p. 211-229 | 0294-1759
856 4 1 _uhttps://shs.cairn.info/revue-vingtieme-siecle-revue-d-histoire-2015-3-page-211?lang=fr&redirect-ssocas=7080
999 _c2218686
_d2218686